Измеритель критического тока в сверхпроводниках; Краткие сообщения в ОИЯИ; № 5 (73)

Manylion Llyfryddiaeth
Parent link:Краткие сообщения в ОИЯИ=JINR Rapid Communications.— , 1984-1999
№ 5 (73).— 1995.— С. 77-84
Prif Awdur: Лихачев А. Г.
Awduron Eraill: Учайкин С. В. Сергей Викторович
Crynodeb:В фонде НТБ ТПУ отсутствует
Iaith:Rwseg
Cyhoeddwyd: 1995
Pynciau:
Fformat: MixedMaterials Pennod Llyfr
KOHA link:https://koha.lib.tpu.ru/cgi-bin/koha/opac-detail.pl?biblionumber=600854

MARC

LEADER 00000naa0a2200000 4500
001 600854
005 20250206142906.0
035 |a (RuTPU)RU\TPU\tpu\25411 
035 |a RU\TPU\tpu\25410 
090 |a 600854 
100 |a 20140716d1995 k||y0rusy50 ca 
101 0 |a rus 
102 |a RU 
200 1 |a Измеритель критического тока в сверхпроводниках  |d Critical Current Meter for Superconductors  |f А. Г. Лихачев, С. В. Учайкин 
320 |a Библиогр.: с. 84 (7 назв.) 
333 |a В фонде НТБ ТПУ отсутствует 
461 |t Краткие сообщения в ОИЯИ  |l JINR Rapid Communications  |d 1984-1999 
463 |t № 5 (73)  |v С. 77-84  |d 1995 
610 1 |a труды учёных ТПУ 
700 1 |a Лихачев  |b А. Г. 
701 1 |a Учайкин  |b С. В.  |c специалист в области неразрушающего контроля  |c инженер Томского политехнического университета, доктор физико-математических наук  |f 1963-  |g Сергей Викторович  |3 (RuTPU)RU\TPU\pers\32266 
801 1 |a RU  |b 63413507  |c 20140627 
801 2 |a RU  |b 63413507  |c 20140716  |g RCR 
942 |c CR